000 00997nam a22001937a 4500
999 _c63909
_d63909
003 Ge_BSU
005 20260218145958.0
008 260218s2024 ge ||||| |||| 00| 0 geo d
020 _a9789941509612
041 _ageo
080 _a81(479.22)(092) ჯ-12
100 _aჯაგოდნიშვილი, თემურ
_926913
245 _aაკადემიკოსი ნიკო მარი-160 /
_cთემურ ჯაგოდნიშვილი; რედ. მამუკა შელეგია; საქ. ტექნიკური უნივერსიტეტი.ქართ. ფილოლოგიისა და მედიატექნოლოგიების დეპარტამენტი.
264 _aთბილისი,
_c2024.
300 _a224 გვ.;
_b20 სმ.
653 _aნიკო მარი
700 _aშელეგია, მამუკა
_eრედაქტორი
_926914
942 _2udc
_cᲬᲘᲒᲜᲘ